Icônes de l'art moderne : la collection Chtchoukine : catalogue de l'exposition : Fondation Louis Vuitton 22 octobre 2016-20 février 2017
L’exposition inédite organisée par la Fondation Louis Vuitton réunit un ensemble de cent trente chefs-d’œuvre parmi les plus emblématiques de la collection Sergueï I. Chtchoukine, créée à Moscou par le grand mécène russe. Depuis Le Déjeuner sur l’herbe (1866) de Claude Monet, le hiératiq...
Saved in:
| Corporate Authors: | |
|---|---|
| Other Authors: | |
| Document Type: | Book |
| Language: | French |
| Published: |
[Paris]
: Gallimard
, [2016]
|
| Subjects: | |
| Online Access: | Inhaltsverzeichnis |
| Related Items: | Parallele Sprachausgabe:
!876005237! Rezensiert in: [Rezension von: Anne Baldassari, Icônes de l'Art Moderne. La collection Chtchoukine] |
| Author Notes: | Fondation Louis Vuitton, Musée d'etat de l'Ermitage, Musée d'etats des beaux arts Pouchkine$hsous la direction d'Anne Baldassari |
| LEADER | 05355cam a2200769 c 4500 | ||
|---|---|---|---|
| 001 | 871414015 | ||
| 003 | DE-627 | ||
| 005 | 20260618001603.0 | ||
| 007 | tu | ||
| 008 | 161029s2016 fr ||||| c 00| ||fre c | ||
| 020 | |a 9782072692734 |9 978-2-07-269273-4 | ||
| 024 | 3 | |a 9782072692734 | |
| 035 | |a (DE-627)871414015 | ||
| 035 | |a (DE-576)478698232 | ||
| 035 | |a (DE-599)BSZ478698232 | ||
| 035 | |a (OCoLC)1075535335 | ||
| 035 | |a (OCoLC)962111366 | ||
| 035 | |a (ZDB-21-EIL)3180728 | ||
| 040 | |a DE-627 |b ger |c DE-627 |e rda | ||
| 041 | |a fre | ||
| 044 | |c XA-FR | ||
| 050 | 0 | |a ND | |
| 082 | 0 | |a 759 |2 14 | |
| 084 | |a 9,10 |2 ssgn | ||
| 084 | |a LH 29912 |q BVB |2 rvk |0 (DE-625)rvk/92920: | ||
| 084 | |a 20.00 |2 bkl | ||
| 245 | 0 | 0 | |a Icônes de l'art moderne |b la collection Chtchoukine : catalogue de l'exposition : Fondation Louis Vuitton 22 octobre 2016-20 février 2017 |c Fondation Louis Vuitton, Musée d'etat de l'Ermitage, Musée d'etats des beaux arts Pouchkine$hsous la direction d'Anne Baldassari |
| 264 | 1 | |a [Paris] |b Gallimard |c [2016] | |
| 300 | |a 478 Seiten |b ill. (some col.) |c 300 x 280 mm | ||
| 336 | |a unbewegtes Bild |b sti |2 rdacontent | ||
| 336 | |a Text |b txt |2 rdacontent | ||
| 337 | |a ohne Hilfsmittel zu benutzen |b n |2 rdamedia | ||
| 338 | |a Band |b nc |2 rdacarrier | ||
| 500 | |a Exposition "Icônes de l’art moderne. La collection Chtchoukine" du 22 octobre 2016 au 20 février 2017, Fondation Louis Vuitton à Paris | ||
| 520 | |a L’exposition inédite organisée par la Fondation Louis Vuitton réunit un ensemble de cent trente chefs-d’œuvre parmi les plus emblématiques de la collection Sergueï I. Chtchoukine, créée à Moscou par le grand mécène russe. Depuis Le Déjeuner sur l’herbe (1866) de Claude Monet, le hiératique Mardi gras (1888-1890) de Paul Cézanne, l’odalisque tahitienne Eh quoi, tu es jalouse? (1892) de Paul Gauguin, le panneau luminescent de L’Atelier du peintre (1911) de Henri Matisse, pour se conclure sur les Trois femmes (1908) et les papiers collés de Compotier, grappe de raisin, poire coupée (1914) de Pablo Picasso, la magnificence de la collection Chtchoukine trouve pleinement à s’exposer ici. Élargie à un ensemble d’une trentaine d’œuvres majeures des avant-gardes russes, dont Contre-relief (1916) de Vladimir Tatline, la Ligne verte (1917) d’Olga Rozanova, ou la table monochrome du Carré noir (1929) de Kazimir Malévitch, l'exposition «Icônes de l’art moderne» porte à l’extrême l’amplitude de ce parcours de la création aux XIXe et XXe siècles. La présentation de ces œuvres d’exception, formant le creuset sensible de notre regard commun, constitue une exemplaire «leçon de peinture». | ||
| 583 | 1 | |a Archivierung/Langzeitarchivierung gewährleistet |f SSG |x XA-DE-BW |2 pdager |5 DE-16 | |
| 655 | 7 | |a Ausstellungskatalog |0 (DE-588)4135467-9 |0 (DE-627)10566491X |0 (DE-576)209660988 |2 gnd-content | |
| 655 | 7 | |a Ausstellungskatalog |x Fondation Louis Vuitton |y 22.10.2016-20.02.2017 |z Paris |0 (DE-588)4135467-9 |0 (DE-627)10566491X |0 (DE-576)209660988 |2 gnd-content | |
| 655 | 7 | |a Bildband |0 (DE-588)4145395-5 |0 (DE-627)104450835 |0 (DE-576)209741139 |2 gnd-content | |
| 689 | 0 | 0 | |d u |0 (DE-588)1140252046 |0 (DE-627)898425026 |0 (DE-576)493745610 |a Sammlung Ščukin |2 gnd |
| 689 | 0 | 1 | |a z |2 gnd |a Geschichte 1860-1930 |
| 689 | 0 | |5 DE-101 | |
| 689 | 1 | 0 | |d u |0 (DE-588)1140252046 |0 (DE-627)898425026 |0 (DE-576)493745610 |a Sammlung Ščukin |2 gnd |
| 689 | 1 | 1 | |d g |0 (DE-588)4018145-5 |0 (DE-627)106327232 |0 (DE-576)208922857 |a Frankreich |2 gnd |
| 689 | 1 | 2 | |d s |0 (DE-588)4114333-4 |0 (DE-627)105822957 |0 (DE-576)209483733 |a Kunst |2 gnd |
| 689 | 1 | 3 | |a z |2 gnd |a Geschichte 1860-1930 |
| 689 | 1 | |5 (DE-627) | |
| 700 | 1 | |a Baldassari, Anne |d 1955- |e HerausgeberIn |0 (DE-588)115531165 |0 (DE-627)557946913 |0 (DE-576)165373253 |4 edt | |
| 700 | 1 | |a Ščukin, Sergej I. |d 1854-1936 |e Sonstige Person, Familie und Körperschaft |0 (DE-588)11915112X |0 (DE-627)07994664X |0 (DE-576)211409324 |4 oth | |
| 710 | 2 | |a Fondation Louis Vuitton |e VeranstalterIn |0 (DE-588)1063923867 |0 (DE-627)812714202 |0 (DE-576)423476874 |4 orm |4 his | |
| 710 | 2 | |a Gosudarstvennyj Ėrmitaž |e VeranstalterIn |0 (DE-588)2124053-X |0 (DE-627)101784694 |0 (DE-576)194196879 |4 orm | |
| 710 | 2 | |a Gosudarstvennyj muzej izobrazitelʹnych iskusstv imeni A.S. Puškina |e VeranstalterIn |0 (DE-588)2000043-1 |0 (DE-627)101330316 |0 (DE-576)191563145 |4 orm | |
| 775 | 0 | 8 | |i Parallele Sprachausgabe |n englisch |t !876005237! |
| 787 | 0 | 8 | |i Rezensiert in |a Kozhanova, Meruert, 1986 - |t [Rezension von: Anne Baldassari, Icônes de l'Art Moderne. La collection Chtchoukine] |d 2018 |w (DE-627)1878490664 |
| 856 | 4 | 2 | |u https://swbplus.bsz-bw.de/bsz478698232inh.htm |m B:DE-576;DE-16 |q application/pdf |v 20161216120521 |x Verlag |3 Inhaltsverzeichnis |7 1 |
| 935 | |i Blocktest | ||
| 936 | r | v | |a LH 29912 |b Privatsammlungen |k Kunstgeschichte |k Allgemeines. Allgemeine Kunstgeschichte |k Museumskunde. Museumskataloge |k Privatsammlungen |0 (DE-627)127069927X |0 (DE-625)rvk/92920: |0 (DE-576)20069927X |
| 936 | b | k | |a 20.00 |j Kunstwissenschaften: Allgemeines |0 (DE-627)106406493 |
| 951 | |a BO | ||
| 990 | |a Sammlung Ščukin | ||
| 990 | |a Geschichte 1860-1930 | ||
| 990 | |a Sammlung Ščukin | ||
| 990 | |a Frankreich | ||
| 990 | |a Kunst | ||
| 990 | |a Geschichte 1860-1930 | ||
| 991 | |a Rezensiertes Werk | ||
| 999 | |a KXP-PPN871414015 |e 4966465737 | ||


